| 000 | 02438cam a2200349 i 4500 | ||
|---|---|---|---|
| 001 | a40804185 | ||
| 003 | SIRSI | ||
| 005 | 20251106170030.0 | ||
| 008 | 211030t20222021nyub d 000 1 eng d | ||
| 015 |
_aGBC239595 _2bnb |
||
| 016 | 7 |
_a020509849 _2Uk |
|
| 020 | _a9781526635365 | ||
| 035 | _a(OCoLC)1281238486 | ||
| 040 |
_aYDX _beng _erda _cYDX _dBDX _dUKMGB _dOCLCO _dOCLCF _dIH9 _dOPU _dFAU _dOCL _dUPM _dMBB _dVLR _dCKQ _dFJD _dMNG _dXY4 _dOCLCO _dUtOrBLW |
||
| 041 | _aeng | ||
| 050 | 4 |
_aPS3613.A175 _bC66 2022 |
|
| 100 |
_aMaas, Sarah J. _eauthor _922933 |
||
| 245 | 1 | 2 |
_aA court of silver flames _c/ Sarah J. Maas. |
| 260 |
_aNew York, NY : _bBloomsbury Publishing, _c2022. |
||
| 300 |
_a757 pages : _bmap ; _c21 cm. |
||
| 490 |
_aCourt of thorns and roses ; _vbk. 5. |
||
| 500 | _aIncludes a sneak peek at House of Earth and Blood, the first book in the Epic Crescent City Series from the author. | ||
| 520 | _aNesta Archeron has always been prickly-proud, swift to anger, and slow to forgive. And ever since being forced into the Cauldron and becoming High Fae against her will, she's struggled to find a place for herself within the strange, deadly world she inhabits. Worse, she can't seem to move past the horrors of the war with Hybern and all she lost in it. The one person who ignites her temper more than any other is Cassian, the battle-scarred warrior whose position in Rhysand and Feyre's Night Court keeps him constantly in Nesta's orbit. But her temper isn't the only thing Cassian ignites. The fire between them is undeniable, and only burns hotter as they are forced into close quarters with each other. Meanwhile, the treacherous human queens who returned to the Continent during the last war have forged a dangerous new alliance, threatening the fragile peace that has settled over the realms. And the key to halting them might very well rely on Cassian and Nesta facing their haunting pasts. Against the sweeping backdrop of a world seared by war and plagued with uncertainty, Nesta and Cassian battle monsters from within and without as they search for acceptance-and healing-in each other's arms. | ||
| 650 | 0 |
_aImaginary wars and battles _vFiction _924133 |
|
| 650 | 0 |
_aWomen spies _vFiction _926446 |
|
| 650 | 0 |
_aFairies _vFiction _926447 |
|
| 650 | 0 |
_aMagic _vFiction _924059 |
|
| 650 | 0 |
_aCourts and courtiers _vFiction _926448 |
|
| 655 | 0 |
_aFantasy fiction _922510 |
|
| 655 | 0 |
_aRomance fiction _922778 |
|
| 942 | _2lcc | ||
| 999 |
_c5156 _d5156 |
||